Figuras e ideas de la filosofía del renacimiento /

Guardado en:
Autor Principal: Mondolfo, Rodolfo
Formato: Libro
Publicado: Buenos Aires : Losada, 1954
Materias:
Etiquetas: Agregar Etiqueta
Sin Etiquetas, Sea el primero en etiquetar este registro!
LEADER 00599nam a22001935a 4500
001 EHU.bham022821
003 AR-BHAM
005 20150629143708.0
008 130507s1954##################000#0#####d
082 1 9 |a 195 
100 1 |a Mondolfo, Rodolfo 
245 1 0 |a Figuras e ideas de la filosofía del renacimiento /  |c  Rodolfo Mondolfo 
260 |a Buenos Aires :  |b Losada,  |c 1954 
300 |a 284 p. 
500 |a Reposición: 29/06/15 
653 |a Filosofía italiana 
653 |a Renacimiento-filosofía del 
653 |a Colección mingorance 
859 |a AR-BHAM  |b BIB. HUMANIDADES - General  |h 195  |i M745  |p 503.93  |t Ej.1